Pitch Perfect Riff Off Lyrics - Statistics

General Stats
  • This quiz has been taken 3,419 times
  • The average score is 287 of 411
Answer Stats
Answer % Correct
a
95%
i
95%
you
94%
the
92%
me
91%
and
90%
to
89%
be
88%
like
88%
my
88%
it
87%
do
86%
your
86%
time
85%
in
84%
make
84%
good
83%
so
83%
that
83%
all
82%
baby
82%
feel
82%
lets
82%
let's
82%
love
82%
of
82%
down
81%
first
81%
oh
81%
sex
81%
i'll
80%
very
80%
you're
80%
about
79%
get
79%
bad
78%
don't
78%
fine
78%
for
78%
hey
78%
mind
78%
on
78%
talk
78%
may
76%
mickey
76%
virgin
76%
but
75%
out
75%
up
74%
want
74%
with
74%
man
73%
night
73%
things
73%
hit
72%
i'm
72%
no
72%
through
72%
best
71%
blow
71%
end
71%
it's
71%
shot
71%
at
70%
mine
70%
perfectly
70%
air
69%
brings
69%
cause
69%
woman
69%
new
68%
that's
68%
yeah
68%
yours
68%
away
67%
bones
67%
break
67%
just
67%
shiny
67%
come
66%
feels
66%
got
66%
guess
66%
sticks
66%
stones
66%
till
66%
can't
65%
touched
65%
excite
64%
fire
64%
chains
63%
going
63%
okay
63%
why
63%
na na na
62%
na na na na na
62%
one
62%
put
62%
smell
62%
whips
62%
bit
61%
care
61%
know
61%
help
60%
how
60%
myself
60%
see
59%
world
58%
lord
57%
little
52%
way
52%
over
51%
play
51%
shorty
51%
we
51%
diggity
49%
town
49%
around
48%
work
48%
by
43%
pound
43%
original
42%
alright
41%
bag
41%
ground
41%
is
41%
much
41%
doubt
40%
acne
39%
cover
39%
homies
39%
strictly
39%
every
38%
day
37%
dukes
37%
bump
35%
getting
34%
them
34%
who
34%
accent
33%
each
33%
never
33%
could
32%
straight
32%
mellow
31%
paid
31%
think
31%
as
30%
forte
30%
girl
30%
slouch
30%
fade
29%
game
29%
her
29%
credit
28%
long
28%
blackstreet
27%
catch
27%
moves
27%
rumpshakers
27%
'em
26%
making
26%
teddy
26%
dog
25%
moving
25%
she
25%
still
25%
stop
25%
tell
25%
couldn't
23%
dre
22%
eargasms
22%
giving
22%
magnet
22%
open
22%
outta
22%
when
22%
hey hey
21%
attracting
19%
come on
19%
vouch
19%
honeys
18%
creations
17%
flavour
17%
player
15%
biz
14%
true
14%
card
13%
hey mickey
13%
rb collab
3%
No matching quizzes found
Score Distribution
Percent of People with Each Score
Percentile by Number Answered
Your Score History
You have not taken this quiz